Statistiques concernant Focus sur: Cornelius Fudge - Harry Potter

Cliquez ici pour prendre le quiz!

Statistiques générales

  • Ce quiz a été pris 187 fois
  • Le résultat moyen est 6 sur 7

Statistiques - réponses

Informations recherchéesRéponses% Correct
ProfessionMinistre de la Magie
100%
Ecole fréquentéePoudlard
99%
Statut du sangSang-Pur
99%
Couleur des cheveuxBrun/Gris
98%
Première mentionHarry Potter à l'école des sorciers
95%
Lieu de rencontre avec Harry PotterChaudron Baveur
67%
Acteur l'interprétant dans les filmsRobert Hardy
27%

Distribution des résultats

Percentile par nombre de réponses

% des personnes avec chaque résultat

Votre développement - résultats

Vous n’avez pas pris ce quiz